Flexibilidad de precios, variaciones de stock e incertidumbre: la política antiinflacionaria después del Plan Austral (Registro nro. 16473)

Detalles MARC
000 -LEADER
fixed length control field 00416 a2200109 4500
001 - CONTROL NUMBER
control field ART_3526
005 - DATE AND TIME OF LATEST TRANSACTION
control field 20260410161715.0
008 - FIXED-LENGTH DATA ELEMENTS--GENERAL INFORMATION
fixed length control field 260409a
100 1# - MAIN ENTRY--PERSONAL NAME
Personal name Guerberoff, Simón L.
245 10 - TITLE STATEMENT
Title Flexibilidad de precios, variaciones de stock e incertidumbre: la política antiinflacionaria después del Plan Austral
773 0# - HOST ITEM ENTRY
Title Desarrollo económico
Related parts - Vol. 27, Nº 106 (jul./sep. 1987)
Record control number REV1174

No hay ítems disponibles.